000 00274nam a22001337a 4500
003 SGT
082 _a330.02434,GOP
100 _aGOPALAKRISHAN,K.E
245 _aECONOMICS
260 _aLUCKNOW
_bEASTERN BOOKS
_c2011
300 _a480
650 _aECONOMICS
942 _2ddc
_cBK
999 _c9603
_d9603